000 00968nam a22003017a 4500
003 CHAP
005 20220329140151.0
008 971013s1952 r 00010 d
010 _a47970
011 _a48942
035 _a53090
040 _cCHAP
082 _a510.2
_bV37
100 0 0 _aVarona Tigueros, Jesús.
_9118161
245 _aMatemáticas y sus aplicaciones agrícolas ...
260 _aBarcelona :
_bSalvat,
_c1952
300 _a575 p.
_b: ilus.
590 _aBATCH-UPD
_b10
_c20130110
_lUCH01
_h1018
590 _aBATCH-UPD
_b10
_c20130410
_lUCH01
_h0625
590 _aBATCH-UPD
_b10
_c20130914
_lUCH01
_h1803
590 _aCONVERSION
_b10
_c20130109
_lUCH01
_h1326
650 1 4 _aAgricultura
_xMatematicas
_xManuales.
_91738
650 1 4 _aMatemáticas.
_972901
901 _aBK
942 _cLIBRO
949 _a510.2 V37
_bBC
_cLIBRO
_d33724000412854
_eLIBRO
_fc.2
_h26571
_i53090
_si
949 _a510.2 V37
_bBC
_cLIBRO
_d33724002015389
_eLIBRO
_fc.3
_h15529
_i53090
_si
999 _c47970
_d47970